Normal view MARC view
  • The Electron In Electronics

Entry Topical Term

Number of records used in: 1

001 - CONTROL NUMBER

  • control field: 104456

003 - CONTROL NUMBER IDENTIFIER

  • control field: NUST

005 - DATE AND TIME OF LATEST TRANSACTION

  • control field: 20221208121950.0

008 - FIXED-LENGTH DATA ELEMENTS

  • fixed length control field: 221208|| aca||aabn | a|a d

040 ## - CATALOGING SOURCE

  • Original cataloging agency: NUST
  • Transcribing agency: NUST

150 ## - HEADING--TOPICAL TERM

  • Topical term or geographic name entry element: The Electron In Electronics

670 ## - SOURCE DATA FOUND

  • Source citation: Work cat.: (NUST)180908: Scroggie .M.G 79919, The Electron In Electronics, 1965
© 2023 Central Library, National University of Sciences and Technology. All Rights Reserved.